Państwa, które były kiedyś częścią Czech - Statystyki

Ogólne statystyki
  • Ten quiz został rozwiązany 619 razy
  • Średni wynik to 12 z 15
Statystyki odpowiedzi
Państwo % Poprawnych
Polska
99%
Słowacja
99%
Niemcy
98%
Austria
96%
Węgry
96%
Ukraina
91%
Słowenia
87%
Chorwacja
86%
Rumunia
84%
Serbia
82%
Włochy
75%
Czechy
68%
Francja
60%
Belgia
44%
Luksemburg
39%
Nie znaleziono quizów pasujących do podanych kryteriów
Rozkład punktacji
Procent ludzi z każdym wynikiem
Percentyl według liczby udzielonych odpowiedzi
Twoja historia wyników
Nie rozwiązałeś tego quizu